WCES 2010, World Conference on Educational Sciences, February 04-08, 2010, Bahcesehir University, Istanbul, Turkey : Abstracts book

Enregistré dans:
Détails bibliographiques
Format: Livre
Langue:anglais
Publié: Academic World Education & Research Center, 2010
2010
Tags: Ajouter un tag
Pas de tags, Soyez le premier à ajouter un tag!

MARC

LEADER 00000nam a22000003a 4500
001 stu206860
005 20150408182736.4
008 100708s--------cy------------------eng-d
040 |a STU  |b slo 
041 0 |a eng 
044 |a cy 
245 |a WCES 2010, World Conference on Educational Sciences, February 04-08, 2010, Bahcesehir University, Istanbul, Turkey :  |b Abstracts book 
260 |b Academic World Education & Research Center,  |c 2010 
260 |b Academic World Education & Research Center,  |c 2010 
996 |c I*Z7085  |l I  |s A  |a 24  |w stu206860_0001